00770nam a22002177a 450000500170000000800410001701000150005802000260007303500130009903700130011204000130012508200140013824501430015226000310029527000790032630000350040550000500044070000240049070000150051470000230052920120103110221.0120103t xxu||||| |||| 00| 0 eng d aENG-104547 a9780415693059c995.00 aEN-88080 bDBAD/PUB aDPLbEng a333.91054 aEcosystems and integrated water resources management in South Asia /cedited by E.R. N. Gunawardena, Brij Gopal [and] Hemesiri Kotagama aNew DelhibRoutledgec2012 a912, Tolstoy House, 15-17 Tolstoy Marg, Connaught PlacebNew Delhie110001 axviii,384p. :c23cm (Hb)bill. aIncludes bibliographical references and index aGunawardena, E.R.N. aBrij Gopal aKotagama, Hemesiri